000 00654cab a2200229 4500
001 ABS37555
008 090401t1987 xxu||||| |||| 00| 0 eng d
035 _a(Sirsi) u5212
041 _aeng
100 _aCunnew, T.
245 _aFocus on Sheffield
260 _c1987
350 _a0
490 _aEstates Gazette
_v281(6326) 21 March 1987, 1299-1314(8)
520 _aNotes trends and deals in the office, retail and industrial sectors in Sheffield .
650 _aINDUSTRIAL RENTS
650 _aOFFICE RENTS
650 _aSHOP RENTS
690 _aPROPERTY-COMMERCIAL PROPERTY-COMMERCIAL PROPERTY MARKET
942 _n0
948 _c04/03/1997
999 _c3112
_d3112